| 000 | 03875nam0a2200469 4500 | ||
|---|---|---|---|
| 001 | RU\NLR\bibl\877880 | ||
| 005 | 20260405222210.0 | ||
| 010 |
_a5-696-02704-0 _bв обл. _9250 |
||
| 021 |
_aRU _b2005-48163 _92350 |
||
| 035 | _a(nilc)RSL-KNO-002689146 | ||
| 035 | _a(NLR Aleph) 000866463 | ||
| 090 |
_a1572362 _c1572362 |
||
| 100 | _a20050725d2004 |||y0rusy50 ca | ||
| 101 | 0 | _arus | |
| 102 | _aRU | ||
| 105 | _aa ||||||||| | ||
| 106 | _ar | ||
| 200 | 1 |
_aФизические методы исследования металлов и сплавов _eучеб. пособие для студентов металлург. специальностей : учеб. пособие для студентов вузов, обучающихся по специальности 110500 - "Металловедение и термич. обраб. металлов" _fЛ. Г. Журавлев, В. И. Филатов _gМ-во образования и науки Рос. Федерации, Юж.-Урал. гос. ун-т, Каф. физ. металловедения и физики твердого тела |
|
| 205 | _a2-е изд. | ||
| 210 |
_aЧелябинск _cИзд-во ЮУрГУ _d2004 _gГруппа МЭНП Изд-ва |
||
| 215 |
_a164, [1] с. _cил., табл. _d20 |
||
| 313 | _aПо 1изд. | ||
| 320 | _aБиблиогр.: с. 162 | ||
| 606 | 1 |
_aМеталлы _jРуководства, пособия и т.п. для высшей школы _xТермоэлектрические исследования _92375933 _3RU\NLR\auth\661417856 |
|
| 606 | 1 |
_aМеталлы _jУчебные издания для высших учебных заведений _xТермоэлектрические исследования _92375933 _3RU\NLR\auth\661417856 |
|
| 606 | 1 |
_aМеталлы _jРуководства, пособия и т.п. для высшей школы _xМагнитные исследования _92375939 _3RU\NLR\auth\661417860 |
|
| 606 | 1 |
_aМеталлы _jУчебные издания для высших учебных заведений _xМагнитные исследования _92375939 _3RU\NLR\auth\661417860 |
|
| 610 | 0 | _aТехнология металлов -- Металловедение -- Физические свойства металлов и сплавов -- Электрические и магнитные свойства -- Методы исследования структуры и состояния в металлах и сплавах -- Физические методы -- Учебник для высшей школы | |
| 610 | 0 | _aТехнология металлов -- Металловедение -- Физические свойства металлов и сплавов -- Тепловые свойства. Термодинамические свойства -- Методы исследования структуры и состояния в металлах и сплавах -- Физические методы -- Учебник для высшей школы | |
| 610 | 0 |
_aтермический анализ _aкалориметрический анализ _aдилатометрия _aмагнитные методы _aплотность _aудельное электрическое сопротивление |
|
| 686 |
_aК206.330.13я73-1 _2rubbk |
||
| 686 |
_aК206.360.13я73-1 _2rubbk |
||
| 686 | _aК204.013.3я73-1 | ||
| 700 | 1 |
_aЖуравлев _bЛ. Г. _gЛев Григорьевич _4070 |
|
| 701 | 1 |
_4070 _8rus _7ca _aФилатов _bВ. И. _cканд. техн. наук, металловедение _f1943- _gВладимир Иванович _3RU\NLR\auth\77100449 _983375 |
|
| 801 | 0 |
_aRU _bRuMoRKP _c20050725 _grcr |
|
| 801 | 1 |
_aRU _bRuMoRGB _c20050725 |
|
| 801 | 2 |
_aRU _bNLR _c20051124 _grcr |
|
| 942 | _cBOOK | ||
| 980 | _aNB | ||